| 000 | 00475nam a2200133Ia 4500 | ||
|---|---|---|---|
| 008 | 260210s9999 xx 000 0 und d | ||
| 024 | _a05B-003-TE, 05B-009-TE, 05B-043-TE & 05B-044-TE | ||
| 082 | _a621.3845072 MAN | ||
| 100 | _aKhurram Manzoor, Muhammad Muneeb, Khalid Hanif & Muddassir Mukhtar | ||
| 245 | 0 | _aGSM Controlled Home Appliances | |
| 260 |
_aKarachi: _bUITU, _c2005 |
||
| 600 | _aTelecommunication Engineering | ||
| 650 | _aBachelor of Engineering (BE) | ||
| 999 |
_c33540 _d33540 |
||